| 000 | 00941cam a2200241 4500 | ||
|---|---|---|---|
| 001 | WB3636-36 | ||
| 008 | 000000n2000 000 0 eng u | ||
| 035 | _a(Sirsi) u108332 | ||
| 245 | _aGM crops 'good for wildlife and yield' | ||
| 260 | _c2000 | ||
| 490 |
_aGuardian _v 12 September 2000, 7(1) |
||
| 520 | _aReports on leading scientist Sir John Beringer's recent presentation to the British Association for the Advancement of Science festival, in London. Among his arguments, Sir John suggested that GM crops could be a key to richer wildlife and efficient food production on British farms. | ||
| 590 | _aWB | ||
| 650 | _aGENETICALLY MODIFIED CROPS | ||
| 650 | _aWILDLIFE CONSERVATION | ||
| 650 | _aBIRDS | ||
| 650 | _aFOOD PRODUCTION | ||
| 650 | _aBRITISH ASSOCIATION FOR THE ADVANCEMENT OF SCIENCE | ||
| 650 | _aSIR JOHN BERINGER | ||
| 650 | _aBRISTOL UNIVERSITY | ||
| 690 | _aRURAL-NATURE CONSERVATION | ||
| 942 | _n0 | ||
| 999 |
_c64675 _d64675 |
||